Bolton Wanderers Best Scorer By Year - Statistics

General Stats
  • This quiz has been taken 126 times
  • The average score is 7 of 22
Answer Stats
Player % Correct
Jay-Jay Okocha
76%
Kevin Davies
71%
Kevin Nolan
67%
Nicolas Anelka
60%
Nat Lofthouse
44%
Johan Elmander
43%
John McGinlay
32%
Youri Djorkaeff.
30%
Henrik Pedersen
29%
El Hadji Diouf
26%
Ivan Klasnić
25%
Matthew Taylor
25%
Michael Ricketts
24%
Frank Worthington
22%
Nathan Blake
22%
Francis Lee
20%
Stelios Giannakopoulos
13%
Neil Whatmore
9%
Billy McAdams
6%
Dennis Stevens
6%
Fred Hill
6%
Willie Moir
6%
No matching quizzes found
Score Distribution
Percent of People with Each Score
Percentile by Number Answered
Your Score History
You have not taken this quiz